|
|
|
|
| LEADER |
00000cam a22000002c 4500 |
| 001 |
1182573142 |
| 003 |
DE-627 |
| 005 |
20221115074938.0 |
| 007 |
tu |
| 008 |
040726s1955 xx ||||| 00| ||dan c |
| 035 |
|
|
|a (DE-627)1182573142
|
| 035 |
|
|
|a (DE-576)112573142
|
| 035 |
|
|
|a (DE-599)BSZ112573142
|
| 040 |
|
|
|a DE-627
|b ger
|c DE-627
|e rakwb
|
| 041 |
|
|
|a dan
|
| 084 |
|
|
|a 2,1
|2 ssgn
|
| 100 |
1 |
|
|a Berntsen, Karen
|4 aut
|
| 245 |
1 |
0 |
|a Mandlige arresthusfanger i Københavns faengsler
|b en undersøgelse og et experiment
|c Karen Berntsen og Karl O. Christiansen
|
| 264 |
|
1 |
|a København
|b Jørgensen
|c 1955
|
| 300 |
|
|
|a 173 S.
|
| 336 |
|
|
|a Text
|b txt
|2 rdacontent
|
| 337 |
|
|
|a ohne Hilfsmittel zu benutzen
|b n
|2 rdamedia
|
| 338 |
|
|
|a Band
|b nc
|2 rdacarrier
|
| 500 |
|
|
|a Summary in Engl.: Short-term prisoners in the prisons of Copenhagen
|
| 583 |
1 |
|
|a Archivierung prüfen
|c 20200919
|f DE-640
|z 1
|2 pdager
|
| 650 |
0 |
7 |
|0 (DE-588)4057788-0
|0 (DE-627)104540796
|0 (DE-576)209123710
|a Strafgefangener
|2 gnd
|
| 650 |
0 |
7 |
|0 (DE-588)4073137-6
|0 (DE-627)106093193
|0 (DE-576)209189517
|a Justizvollzugsanstalt
|2 gnd
|
| 650 |
|
4 |
|a Strafvollzugsanstalt
|
| 651 |
|
7 |
|0 (DE-588)4010877-6
|0 (DE-627)104598832
|0 (DE-576)208890645
|a Dänemark
|2 gnd
|
| 700 |
1 |
|
|a Christiansen, Karl O.
|4 aut
|
| 889 |
|
|
|w (DE-627)1818607301
|
| 935 |
|
|
|a mkri
|
| 951 |
|
|
|a BO
|
| ELC |
|
|
|b 1
|
| LOK |
|
|
|0 000 xxxxxcx a22 zn 4500
|
| LOK |
|
|
|0 001 2444983750
|
| LOK |
|
|
|0 003 DE-627
|
| LOK |
|
|
|0 004 1182573142
|
| LOK |
|
|
|0 005 20040726000000
|
| LOK |
|
|
|0 008 040726||||||||||||||||ger|||||||
|
| LOK |
|
|
|0 040
|a DE-Frei85
|c DE-627
|d DE-Frei85
|
| LOK |
|
|
|0 852
|a DE-Frei85
|
| LOK |
|
|
|0 852 1
|m p
|9 00
|
| LOK |
|
|
|0 938
|k p
|
| LOK |
|
|
|0 939
|a 26-07-04
|b l01
|
| LOK |
|
|
|0 000 xxxxxcx a22 zn 4500
|
| LOK |
|
|
|0 001 4196237428
|
| LOK |
|
|
|0 003 DE-627
|
| LOK |
|
|
|0 004 1182573142
|
| LOK |
|
|
|0 005 20221114204501
|
| LOK |
|
|
|0 008 221011||||||||||||||||ger|||||||
|
| LOK |
|
|
|0 035
|a (DE-2619)k00660
|
| LOK |
|
|
|0 040
|a DE-2619
|c DE-627
|d DE-2619
|
| LOK |
|
|
|0 092
|o n
|
| LOK |
|
|
|0 541
|e Bestand Albert-Krebs-Bibliothek: 1996-641
|
| LOK |
|
|
|0 852
|a DE-2619
|
| LOK |
|
|
|0 852 1
|c NZ.10.025
|m p
|9 00
|
| LOK |
|
|
|0 935
|a kreb
|
| LOK |
|
|
|0 938
|k p
|
| LOK |
|
|
|0 939
|a 11-10-22
|b l01
|
| ORI |
|
|
|a SA-MARC-krimdoka001.raw
|